| 000 | 00884nam a2200241 i 4500 | ||
|---|---|---|---|
| 001 | 181871 | ||
| 003 | ES-MaACL | ||
| 005 | 20240508094213.0 | ||
| 008 | 130503s2009 sp | |||||||| | spa d | ||
| 020 | _a978-84-96313-97-2 | ||
| 080 | _a821.134.2-3.09"19" | ||
| 100 | 1 |
_aRódenas de Moya, Domingo. _998116 |
|
| 245 | 1 | 0 |
_aTravesías vanguardistas : _bensayos sobre la prosa del Arte Nuevo / _cDomingo Ródenas de Moya. |
| 260 |
_aMadrid : _bJuan Pastor/Devenir, _c2009. |
||
| 300 |
_a525 p. ; _c22 cm. |
||
| 490 | 1 |
_aDevenir ensayo ; _vn. 18 |
|
| 650 | 0 | 4 |
_aProsa española- _yS.XX- _vHistoria y crítica. _916504 |
| 830 | 0 |
_aDevenir ensayo ; _v18 _9184485 |
|
| 852 |
_aES-MaACL _jA-12682 _9188779 _bR.148763 _cDEPO1 _dOlim: N-5683 _xDonación: José Luis Abellán |
||
| 903 |
_aAbellán, José Luis, _d1933-2023 _ednr _q1 _9176509 |
||
| 942 |
_2udc _cMONOGRAFIA |
||
| 999 |
_c181871 _d181871 |
||